Islamský fundamentalizmus a islam
Dôležitá úloha náboženstva v islamskej spoločnosti. Islam ako náboženstvo a ideológia s mobilizačným potenciálom a prepracovanou sociálnou doktrínou. Zdôraznenie uchovania jednoty komunity. Islamský fundamentalizmus ako reakcia na dezorganizáciu a neistotu v období globalizácie. Džihád. Tradicionali...
Saved in:
| Main Author: | |
|---|---|
| Format: | Book Chapter |
| Language: | Slovak |
| Subjects: | |
| Tags: |
No Tags, Be the first to tag this record!
|
MARC
| LEADER | 00000naa$a2200000$$$4500 | ||
|---|---|---|---|
| 001 | 0053084 | ||
| 005 | 20240611082434.8 | ||
| 041 | 0 | |a slo | |
| 044 | |a SK | ||
| 245 | 1 | 0 | |a Islamský fundamentalizmus a islam |c Emília Vokálová |
| 520 | |a Dôležitá úloha náboženstva v islamskej spoločnosti. Islam ako náboženstvo a ideológia s mobilizačným potenciálom a prepracovanou sociálnou doktrínou. Zdôraznenie uchovania jednoty komunity. Islamský fundamentalizmus ako reakcia na dezorganizáciu a neistotu v období globalizácie. Džihád. Tradicionalistické korene islamu ako priaznivý základ pre radikalizáciu spoločnosti v islamskom svete. | ||
| 610 | 2 | 0 | |a náboženstvo |
| 610 | 2 | 0 | |a islam |
| 610 | 2 | 0 | |a ideológia |
| 610 | 2 | 0 | |a kultúra |
| 610 | 2 | 0 | |a história |
| 610 | 2 | 0 | |a konflikty |
| 610 | 2 | 0 | |a vojny |
| 610 | 2 | 0 | |a terorizmus |
| 610 | 2 | 0 | |a spoločnosť |
| 100 | 1 | |a Vokálová, Emília | |